U2 Top 20 Most Streams - Statistics

General Stats
  • This quiz has been taken 141 times
    81 since last reset
  • The average score is 10 of 20
Answer Stats
Answer Streams % Correct
With or Without You 1 billion
94%
One 604 million
86%
I Still Haven't Found What I'm Looking For 750 million
85%
Sunday Bloody Sunday 420 million
83%
Where The Streets Have No Name 210 million
80%
Beautiful Day 590 million
72%
New Years Day 78 million
69%
Vertigo 146 million
65%
Pride (In The Name of Love) 286 million
55%
Mysterious Ways 92 million
49%
Elevation 70 million
38%
Sweetest Thing 153 million
38%
Desire 83 million
37%
All I Want Is You 81 million
35%
Stuck in a Moment You Can't Get Out Of 141 million
35%
City of Blinding Lights 68 million
23%
Every Breaking Wave 90 million
20%
Stay (Far Away So Close) 74 million
15%
Song For Someone 67 million
6%
You're The Best Thing About Me 61 million
6%
No matching quizzes found
Score Distribution
Percent of People with Each Score
Percentile by Number Answered
Your Score History
You have not taken this quiz since the last reset